| 000 | 00492 a2200169 4500 | ||
|---|---|---|---|
| 005 | 20260416142529.0 | ||
| 008 | 260416b |||||||| |||| 00| 0 eng d | ||
| 020 | _a9789364875714 | ||
| 080 |
_aFM _bVIN/P |
||
| 100 | _aVinoy Thomas | ||
| 245 | _aProthaseesinte ithihasam(പ്രോത്താസീസിൻെറ ഇതിഹാസം) | ||
| 250 | _a3rd ed. | ||
| 260 |
_bD C books _aKottayam _c2025 |
||
| 300 | _a144P. | ||
| 653 | _aFiction-Novel-Malayalam Literature | ||
| 942 | _cBK | ||
| 999 |
_c115273 _d115272 |
||